02869nam a2200361 a 4500003000500000005001700005007000300022008004100025020002200066040002300088050002100111082002600132245008900158250001700247264005100264300008000315336002700395337002700422338002800449490005900477504002800536505025100564520143700815650002702252650002302279650002102302650002402323650002002347650002002367700003402387700002702421830005902448CHAP20230530120531.0ta230530s2012 ncuado|fr|||| 001 0 eng d a978-1-61735-822-7 amxchpuacCHAPerda10aBF778b.C85 201200a303.372bC85 201222010aCultural psychology of human values / ceditores Angela Uchoa Branco y Jaan Valsiner a1a edición aCharlotte, NC : bInformation Age Pub., c2012 axviii, 294 páginas :bilustraciones, gráficas, diagramas, tablas, fotos 2rdacontentatextobtxt 2rdamediaasin mediobn 2rdacarrieravolumenbnc1 aAdvances in Cultural Psychology (Information Age Pub.) aIncluye bibliografías0 aPART I: SOCIOCULTURAL ECOLOGY OF VALUES. -- PART II: VALUES IN THE FIELD: FRAMING OF ACTIONS. -- PART III: VALUES AND PREJUDICES: MARKING THE BORDERS OF APPROACH–AVOIDANCE DYNAMICS. -- PART IV: INCLUSION AND/OR EXCLUSION: CULTURAL AMBIVALENCES.2 aThe study of human values, particularly the investigation of the way ontogenesis intermingles with sociogenesis and is related to microgenesis, has not received much attention within the rapidly advancing field of cultural psychology. Considering the great relevance of this phenomena in terms of human life and development within contemporary societies, and the challenge of building a just and democratic world, cultural psychology urgently needs to address such issues, usually only partially investigated by traditional social psychologists, anthropologists, and other social sciences. We hope this international selection of theoretical elaborations will contribute to further promote the theoretical study and empirical investigation that we believe are absolutely necessary to better understand, from a psychological standpoint, human values constructions and cultural practices. With the present selection of texts, we want this book to invite the reader to reflect upon how cultural psychology may help to further investigate socially relevant phenomena concerning moral values and cultural practices, keeping in mind the mutual construction of cultural activities and values, both comprised in the cornerstone of human development. This is a particularly relevant topic for investigation all over the capitalist globalized world, where violence and an increasing difficulty to live according to ethical principles prevail.14aValores (Psicología)13aValores culturales13aEtnopsicología13aValues (Psychology)13aCultural values13aEthnopsychology1 aUchoa Branco, Angelaeeditora1 aValsiner, Jaaneeditor 0aAdvances in Cultural Psychology (Information Age Pub.)